| 000 | 00935nam a2200229 a 4500 | ||
|---|---|---|---|
| 999 |
_c12371 _d12371 |
||
| 001 | 12371 | ||
| 003 | BD-JhCC | ||
| 005 | 20211115123615.0 | ||
| 008 | 210601s2019 bg |||| |||| 000 0 ben d | ||
| 020 | _a9847012403020 | ||
| 035 | _a(BD-JhCC)12371 | ||
| 040 |
_aBD-JhCC _dBD-JhCC |
||
| 041 | _aBengla | ||
| 082 |
_a809.896 _bSAY 2019 |
||
| 245 |
_aছায়াচ্ছন্ন হে আফ্রিকা : _bআফ্রিকী সাহিত্য-সংকলন / _cসম্পাদনায় ধ্রুব গুপ্ত ও কাজল বন্দ্যোপাধ্যায়। |
||
| 260 |
_aঢাকা : _bসাহিত্য প্রকাশ, _c২০১৯। |
||
| 300 |
_a২৩৮ পৃ. : _b২১ সেমি. |
||
| 650 | _aAfrican literature | ||
| 700 | _aগুপ্ত, ধ্রুব | ||
| 700 | _aবন্দ্যোপাধ্যায়, কাজল | ||
| 942 |
_2ddc _cBK |
||